000 00395ntaaa2200169 4500
003 01
005 20251027202255.0
008 0714s1973 ag 01
040 _aAR-BaBN
_bspa
_cAR-BaBN
_eaacr
_dRIC
082 _a270.6000 E
245 _aEl Nuevo Testamento
250 _a1 ed.
260 _aBuenos Aires :
_bAurora,
_c1943
300 _a108 p
650 _aBiblia-nuevo testamento
942 _cBK
999 _c17551
_d17551